| 000 | 02302cam a22004814i 4500 | ||
|---|---|---|---|
| 003 | PE-LiUPU | ||
| 005 | 20250731172915.0 | ||
| 008 | 150617s1981 sp rb 000 0 spa d | ||
| 020 | _a843006334X | ||
| 035 | _a(Sirsi) i9788430063345 | ||
| 040 |
_aPE-LiUPU _bspa _cPE-LiUPU _erda |
||
| 049 | _aPRUA | ||
| 082 | 0 | 4 |
_a297 _bG26 _221 |
| 100 | 1 |
_aGarcias Palou, Sebastian, _eautor. |
|
| 245 | 1 | 0 |
_aRamón Llull y el Islam / _cSebastián Garcias Palou. |
| 264 | 1 |
_aEspaña : _bPalma de Mallorca, _c1981. |
|
| 300 |
_a487 páginas ; _c22 centímetros |
||
| 336 |
_atext _2rdacontent |
||
| 337 |
_aunmediated _2rdamedia |
||
| 338 |
_avolume _2rdacarrier |
||
| 504 | _aIncluye bibliografía. | ||
| 505 | 0 | _aIntroducción al estudio del tema "Ramon Llull y el Islam" -- Los primeros contactos de Ramon Llull con los musulmanes -- Obras compuestas por Ramon Llull con motivo del Islam -- Las obras de Ramon Llull compuso en árabe -- La fundación de colegios de lengua arábiga, como medio para la formación de misioneros para la evangelización del Islam -- "Miramar", el "monasterio" misionero de lengua arábiga -- Método apologético, seguido por Ramon Llull, en sus controversias teológicas con los musulmanes -- El primer viaje de Ramon a Túnez -- El viaje de Ramon a Chipre y a Armenia -- Primera permanencia de Ramon Llull en Bugía -- La permanencia de Ramon Llull en Sicilia -- Segundo viaje de Ramon Llull a Bugía -- Segundo viaje de Ramon Llull a Túnez. | |
| 526 | _aSEG42 | ||
| 526 | _aSEG41 | ||
| 526 | _aSEG40 | ||
| 526 | _aSEG39 | ||
| 526 | _aP94 | ||
| 526 | _aP87 | ||
| 526 | _aP86 | ||
| 526 | _aP85 | ||
| 526 | _aP77 | ||
| 526 | _aP76 | ||
| 526 | _aP35 | ||
| 600 | 1 |
_aRamón Llull, Beato. _dca. 1232-1315 |
|
| 650 | 0 | 4 | _aIslamismo. |
| 910 |
_ajck _bjvq _cjck _d20150616 |
||
| 942 |
_2ddc _cBOOK |
||
| 949 |
_a297 G26 _wDEWEY _c1 _i28728 _d2016-1-4 _e2015-11-26 _lCCODEBUL1 _mBUL _n1 _r0 _sY _tBOOK _u2015-4-21 _xTEOLOGIA _PP35 _0COMPRA _o.STAFF. Colección Teología |
||
| 994 |
_aC0 _bPEPRU |
||
| 596 | _a1 | ||
| 999 |
_a297 G26 _wDEWEY _c16552 _i28728 _d16552 _e2015-11-26 _f2021-11-12 _g5 _lCCODEBUL1 _mBUL _n1 _p35.00 _r0 _sY _tBOOK _u2015-4-21 _xTEOLOGIA _PP35 _0COMPRA _o.STAFF. Colección Teología |
||
| 980 |
_81 _gALBERTO SANCHEZ Responsable de Automatización |
||